Statistics for Guess the NHL teams by the clues

Click here to take the quiz!

General Stats

  • This quiz has been taken 23 times
  • The average score is 27 of 32

Answer Stats

HintAnswer% Correct
This team has a major weather
event in their name.
Carolina Hurricanes
94%
This team is based in Miami FloridaFlorida Panthers
94%
This team shares the name with an NBA team.Los Angeles Kings
94%
This team has won the most
Stanley Cups in the NHL.
Montreal
Canadiens
94%
This team has the same name as a MLB team.New York Rangers
94%
This team is named after a bird that can't fly in the
air.
Pittsburgh Penguins
94%
This team is the newest expansion team.Seattle Kraken
94%
This team was once called the St PatsToronto Maple
Leafs
94%
This team won the Stanley Cups in 2023.Vegas Golden Knights
94%
This team is the name of an aircraft.Winnipeg Jets
94%
This team was shown in a hockey movie.Anaheim Ducks
89%
This team has a bird in their name.Chicago Blackhawks
89%
This team is located in a city in Ohio.Columbus Blue
Jackets
89%
This team is an original 6 team.Detroit Red
Wings
89%
This teams colors are Orange and Black.Philadelphia Flyers
89%
This team is located in the west of CanadaVancouver Canucks
89%
This team is a big rival to the
team in question #2.
Boston Bruins
83%
This team is a Canadian Team.Calgary Flames
83%
This team has an item from space in their name.Dallas Stars
83%
This team still boos a player that left as a free
agent 6 years ago.
New York Islanders
83%
This team has a colour of the rainbow in its name.St Louis Blues
83%
This team has a player called "The Great Eight."Washington Capitals
83%
This team has a major winter event in their name.Colorado Avalanche
78%
This team has one of the best German Players.Edmonton Oilers
78%
This team is located the same state as the Mall of America.Minnesota Wild
78%
This teams home rink is Bridgestone Arena.Nashville Predators
78%
This team has an ocean creature in their name.San Jose Sharks
78%
This teams main colours
are white and blue.
Tampa Bay
Lightning
78%
This team has a dangerous wild animal in their name.Arizona Coyotes
72%
This team is the only Big Four sports team in
this location.
New Jersey Devils
72%
This teams mascot is named
Spartacat
Ottawa Senators
72%
This Team had the 1st overall
draft pick in 2021.
Buffalo Sabres
61%

Score Distribution

Percentile by Number Answered

Percent of People with Each Score

Your Score History

You have not taken this quiz